00421 2200169 4500245004600000020001800046250001100064700002000075700002100095650001700116005001900133260003100152041001400183084001300197300003200210336000900242 aNext To You Vol. 1cIne Martiana K.hText a9786022102717 aCet. 1 aIne Martiana K. aFrisian Yuniardi aKomik Jepang a20230609110342 aJakartabPT Gramediac2011 aIndonesia a741.5592 a... jil. :bilus. ;c17 cm. atext